000 00585nam a2200181 a 4500
001 000035791
005 20200930074620.0
008 111114s1956 sp 000 0 spa d
040 _aDO-SdBNP
100 1 _aKramer, Samuel Hoah
_961738
240 1 0 _aFrom the tablets of sumer
_linglés
245 1 3 _aLa historia empieza en sumer /
_cSamuel Hoah Kramer ; exordio de Jean Bottero ; traducción de Jaime Elias.
250 _a2a ed.
260 _aBarcelona :
_bAymá,
_c1956.
300 _a332 p. :
_bil. ;
_c21 cm.
700 1 _aBottero, Jean
_961739
700 1 _aElias, Jaime
_etr.
_961740
999 _c35282
_d35282